Statistics for 根据城区地形与卫星地图写出浙江各地市 Zhejiang cities on urban topographic map

Click here to take the quiz!

General Stats

  • This quiz has been taken 82 times
    (40 since last reset)
  • The average score is 10 of 11

Answer Stats

Answer% Correct
杭州
100%
金华
93%
丽水
93%
嘉兴
93%
湖州
93%
绍兴
93%
温州
90%
衢州
90%
台州
90%
舟山
90%
宁波
90%

Score Distribution

Percentile by Number Answered

Percent of People with Each Score

Your Score History

You have not taken this quiz since the last reset